| 000 | 00665nam a22001817a 4500 | ||
|---|---|---|---|
| 008 | 160116b xxu||||| |||| 00| 0 eng d | ||
| 020 | _a978-971-9617-83-9 | ||
| 082 |
_22016 _aDFil 623.4 _bM31f |
||
| 100 |
_912327 _aManuel, Georby C. |
||
| 245 |
_aForensic ballistics: _bthe science of firearms identification and practices/ _cGeorby C. Manuel and Dennis I. Ibutnande. |
||
| 260 |
_aQuezon City : _bWiseman's Books Trading, _cc2016. |
||
| 300 |
_aiv, 196 pages : _billustrations ; _c22 cm. |
||
| 500 | _aIncludes references. | ||
| 650 | 0 |
_912330 _aFirearms _xIdentification |
|
| 700 |
_912332 _aIbutnande, Dennis I. |
||
| 365 |
_b398.00 _cPhp |
||
| 942 |
_2ddc _cDFIL |
||
| 999 |
_c3703 _d3703 |
||